Oceans / (Record no. 203810)

MARC details
000 -LEADER
fixed length control field 01675nam a2200337 ia4500
003 - CONTROL NUMBER IDENTIFIER
control field PPAK
005 - DATE AND TIME OF LATEST TRANSACTION
control field 20260412161143.0
008 - FIXED-LENGTH DATA ELEMENTS--GENERAL INFORMATION
fixed length control field 260412s2025 enkao jr 1 eng d
020 ## - INTERNATIONAL STANDARD BOOK NUMBER
International Standard Book Number 9780241732243
Terms of availability RM 65.90
Qualifying information hardback
040 ## - CATALOGING SOURCE
Original cataloging agency PPAK
Language of cataloging eng
Transcribing agency PPAK
Description conventions rda
082 04 - DEWEY DECIMAL CLASSIFICATION NUMBER
Edition number 23
Classification number 577.7
090 00 - LOCALLY ASSIGNED LC-TYPE CALL NUMBER (OCLC); LOCAL CALL NUMBER (RLIN)
Classification number (OCLC) (R) ; Classification number, CALL (RLIN) (NR) 577.7
Feature heading GRE
Feature heading K
100 1# - MAIN ENTRY--PERSONAL NAME
Personal name Grey, Samantha,
Relator term author,
-- editor.
245 10 - TITLE STATEMENT
Title Oceans /
Statement of responsibility, etc. Written and edited by Samantha Grey
250 ## - EDITION STATEMENT
Edition statement FIRST EDITION
264 #1 - PRODUCTION, PUBLICATION, DISTRIBUTION, MANUFACTURE, AND COPYRIGHT NOTICE
Place of production, publication, distribution, manufacture London :
Name of producer, publisher, distributor, manufacturer Dorling Kindersley Limited,
Date of production, publication, distribution, manufacture, or copyright notice 2025
300 ## - PHYSICAL DESCRIPTION
Extent 56 pages :
Other physical details colour photographs ;
Dimensions 26 cm
336 ## - CONTENT TYPE
Content type term text
Source rdacontent
Content type term still image
Source rdacontent
337 ## - MEDIA TYPE
Source rdamedia
Media type term unmediated
338 ## - CARRIER TYPE
Source rdacarrier
Carrier type term volume
490 1# - SERIES STATEMENT
Series statement eyewonder
500 ## - GENERAL NOTE
General note Includes index.
505 0# - FORMATTED CONTENTS NOTE
Formatted contents note Ocean zones -- The blue planet -- What is a fish? -- Fantastic fish -- Jellyfish -- Spectacular sharks -- Ocean giants -- Playful dolphins -- Gentle sea cows -- Soaring seabirds -- Ocean travelers -- Octopuses and squid -- Living together -- Down in the depths -- Life on the seabed -- Life in a coral reef -- Icy waters -- Penguin party -- Kingdom of kelp -- Exploring under water -- Pollution problems -- Which way? -- Who am I? -- Facts match -- Find the way.
520 ## - SUMMARY, ETC.
Summary, etc. 'Oceans' visits a host of sea animals living in the ocean depths plus coral reefs and kelp forests. From sharks to seals discover how these ocean creatures live and survive in their watery world
650 10 - SUBJECT ADDED ENTRY--TOPICAL TERM
Topical term or geographic name entry element Marine ecology
Form subdivision Juvenile literature
Topical term or geographic name entry element Marine animals
Form subdivision Juvenile literature
Topical term or geographic name entry element Ocean
Form subdivision Juvenile literature
830 #0 - SERIES ADDED ENTRY--UNIFORM TITLE
Uniform title eyewonder
942 ## - ADDED ENTRY ELEMENTS (KOHA)
Koha item type Book
Source of classification or shelving scheme Dewey Decimal Classification

No items available.